[Event "ESP-ch U16"]
[Site "Granada"]
[Date "2016.07.20"]
[Round "5"]
[White "Toval Lopez, Alberto"]
[Black "Perez Perez, Gabriel"]
[Result "1-0"]
[WhiteElo "2016"]
[BlackElo "1817"]
[PlyCount "113"]
[EventDate "2016.07.18"]
[EventType "swiss"]
[EventRounds "9"]
[EventCountry "ESP"]
[SourceTitle "EXT 2024"]
[Source "ChessBase"]
[SourceDate "2023.10.10"]
[SourceVersion "1"]
[SourceVersionDate "2023.10.10"]
[SourceQuality "1"]

1. e4 c5 2. Nf3 e6 3. d4 cxd4 4. Nxd4 a6 5. c4 Qc7 6. Be2 Nf6 7. Nc3 b6 8. 0-0 Bb7 9. f3 Bd6 10. Kh1 Be7 11. Be3 d6 12. Rc1 h5 13. Qd3 Nbd7 14. Rfd1 h4 15. b4 h3 16. g3 0-0 17. Bf1 Rac8 18. Bxh3 Qb8 19. Qe2 Rfd8 20. Bf2 Qa8 21. Kg1 Bf8 22. a3 Ne5 23. Nxe6 fxe6 24. Bxe6+ Kh8 25. Bxb6 Re8 26. Bxc8 Bxc8 27. Nd5 Qb7 28. Bd4 Nxd5 29. cxd5 Qf7 30. Bxe5 dxe5 31. d6 Bd7 32. Rc7 Qe6 33. Qxa6 Qb3 34. Qd3 Qe6 35. Qd5 Qxd5 36. Rxd5 Rd8 37. Rd2 Kg8 38. Rc5 Ra8 39. Rd3 Re8 40. b5 Kf7 41. a4 Ra8 42. Rxe5 Rxa4 43. Rc5 Rb4 44. Rc7 Ke6 45. f4 Bxd6 46. Rxd7 Kxd7 47. e5 Rxb5 48. Rxd6+ Ke7 49. Rd2 Ke6 50. Kf2 Rb3 51. g4 g5 52. Rd6+ Ke7 53. f5 Rb2+ 54. Ke3 Rb3+ 55. Ke4 Rb4+ 56. Rd4 Rb2 57. f6+ 1-0

[Event "ESP-ch U16"]
[Site "Salobrena"]
[Date "2015.07.22"]
[Round "4"]
[White "Povill Claros, Xavier"]
[Black "Toval Lopez, Alberto"]
[Result "1-0"]
[WhiteElo "2107"]
[BlackElo "1904"]
[PlyCount "69"]
[EventDate "2015.07.20"]
[EventType "swiss"]
[EventRounds "9"]
[EventCountry "ESP"]
[SourceTitle "EXT 2016"]
[Source "ChessBase"]
[SourceDate "2015.10.08"]
[SourceVersion "1"]
[SourceVersionDate "2015.10.08"]
[SourceQuality "1"]

1. e4 c5 2. Nf3 Nc6 3. Bb5 e6 4. Bxc6 bxc6 5. 0-0 Ne7 6. b3 Ng6 7. e5 Be7 8. Bb2 0-0 9. Na3 f6 10. Nc4 fxe5 11. Nfxe5 Nxe5 12. Nxe5 Qc7 13. f4 Bf6 14. Qe2 a5 15. Qe3 Ba6 16. d3 Rae8 17. Rab1 d6 18. Nf3 Kh8 19. Ba1 a4 20. Nd2 Kg8 21. Ne4 axb3 22. axb3 Rf7 23. Rf3 Qd7 24. Rg3 Kh8 25. Ng5 Rfe7 26. Qe4 Bxg5 27. Rh3 h6 28. fxg5 e5 29. gxh6 gxh6 30. Rxh6+ Kg8 31. Qg6+ Rg7 32. Qh5 Kf8 33. Rf1+ Ke7 34. Qh4+ Rg5 35. Qxg5# 1-0

[Event "ESP-ch U16"]
[Site "Salobrena"]
[Date "2015.07.21"]
[Round "3"]
[White "Toval Lopez, Alberto"]
[Black "Dorado Meijide, Andrea"]
[Result "1-0"]
[WhiteElo "1904"]
[BlackElo "1696"]
[PlyCount "97"]
[EventDate "2015.07.20"]
[EventType "swiss"]
[EventRounds "9"]
[EventCountry "ESP"]
[SourceTitle "EXT 2016"]
[Source "ChessBase"]
[SourceDate "2015.10.08"]
[SourceVersion "1"]
[SourceVersionDate "2015.10.08"]
[SourceQuality "1"]

1. e4 e6 2. d4 d5 3. Nd2 dxe4 4. Nxe4 Bd7 5. Nf3 Bc6 6. Bd3 Nd7 7. 0-0 Be7 8. b3 Ngf6 9. Ng3 0-0 10. Bb2 b6 11. c4 Bb7 12. Re1 c5 13. Qe2 Re8 14. Ne5 Qc7 15. dxc5 Nxc5 16. Bc2 Rad8 17. Rad1 Ncd7 18. Nxd7 Rxd7 19. Rxd7 Qxd7 20. Rd1 Qc6 21. f3 Rc8 22. Ne4 Nxe4 23. Bxe4 Qc7 24. Bxb7 Qxb7 25. Qe5 Bf8 26. h3 Qc6 27. Kf1 a5 28. Rd4 f6 29. Qe4 Qxe4 30. Rxe4 e5 31. Re1 Rd8 32. Ke2 Kf7 33. Rd1 Rxd1 34. Kxd1 Ke6 35. Ke2 Kf5 36. Bc1 g5 37. Kd3 Bd6 38. g4+ Kg6 39. Ke4 h5 40. Be3 Bc7 41. Kd5 hxg4 42. hxg4 f5 43. Kc6 Bd8 44. Kd7 Bf6 45. Ke6 fxg4 46. fxg4 e4 47. Bxb6 Bc3 48. Kd5 Kf6 49. Bd4+ 1-0

[Event "Andalucia-ch U14"]
[Site "Huelva"]
[Date "2014.04.26"]
[Round "5.5"]
[White "Gillis Onieva, Celia"]
[Black "Toval Lopez, Alberto"]
[Result "0-1"]
[WhiteElo "1414"]
[BlackElo "1711"]
[PlyCount "50"]
[EventDate "2014.04.25"]
[EventType "swiss"]
[EventRounds "9"]
[EventCountry "ESP"]
[SourceTitle "EXT 2024"]
[Source "ChessBase"]
[SourceDate "2023.10.10"]
[SourceVersion "1"]
[SourceVersionDate "2023.10.10"]
[SourceQuality "1"]

1. c4 e5 2. Nc3 Nc6 3. g3 g6 4. Bg2 Bg7 5. Nf3 d6 6. d3 f5 7. Bg5 Nf6 8. Nd5 a5 9. a3 0-0 10. b4 h6 11. Nxf6+ Bxf6 12. Bxh6 e4 13. dxe4 fxe4 14. Ng5 Bc3+ 15. Kf1 Rxf2+ 16. Kxf2 Qf6+ 17. Nf3 exf3 18. exf3 Bxa1 19. Qxa1 Qxa1 20. Rxa1 axb4 21. Bc1 Be6 22. Bb2 bxa3 23. Rxa3 Rxa3 24. Bxa3 Bxc4 25. f4 d5 0-1

[Event "Malaga Region-ch"]
[Site "Malaga"]
[Date "2013.02.03"]
[Round "9"]
[White "Lopez Gajete, Antonio"]
[Black "Toval Lopez, Alberto"]
[Result "0-1"]
[WhiteElo "1872"]
[BlackElo "1424"]
[PlyCount "54"]
[EventDate "2013.01.12"]
[EventType "swiss"]
[EventRounds "9"]
[EventCountry "ESP"]
[SourceTitle "CBM 152 Extra"]
[Source "ChessBase"]
[SourceDate "2013.02.25"]
[SourceVersion "1"]
[SourceVersionDate "2013.02.25"]
[SourceQuality "1"]

1. e4 c5 2. d4 cxd4 3. c3 dxc3 4. Nxc3 Nc6 5. Bc4 Nf6 6. Nf3 g6 7. e5 Ng4 8. Bxf7+ Kxf7 9. Ng5+ Ke8 10. Qxg4 d6 11. e6 Ne5 12. Qa4+ Nc6 13. Nf7 Qc7 14. Nxh8 Bxe6 15. 0-0 Bg7 16. Re1 Bf5 17. Nd5 Qd7 18. Bg5 Bxh8 19. Bxe7 Kf7 20. Qh4 Kg8 21. Bf6 Qf7 22. Rad1 Be6 23. Rxe6 Qxe6 24. Bxh8 Kxh8 25. Nc7 Qe2 26. Qf6+ Kg8 27. Qxd6 Rd8 0-1

[Event "Malaga Region-ch"]
[Site "Malaga"]
[Date "2013.02.02"]
[Round "8"]
[White "Toval Lopez, Alberto"]
[Black "Camacho Dominguez, Florencio"]
[Result "0-1"]
[WhiteElo "1424"]
[BlackElo "1801"]
[PlyCount "122"]
[EventDate "2013.01.12"]
[EventType "swiss"]
[EventRounds "9"]
[EventCountry "ESP"]
[SourceTitle "CBM 152 Extra"]
[Source "ChessBase"]
[SourceDate "2013.02.25"]
[SourceVersion "1"]
[SourceVersionDate "2013.02.25"]
[SourceQuality "1"]

1. e4 e5 2. Nf3 Nc6 3. Bb5 Nf6 4. 0-0 Nxe4 5. Re1 Nd6 6. Bxc6 dxc6 7. Nxe5 Be7 8. Nc3 0-0 9. d4 Be6 10. Bf4 Bf6 11. d5 cxd5 12. Nxd5 Bxd5 13. Qxd5 Bxe5 14. Bxe5 Qg5 15. Rad1 Rfe8 16. Qd4 Rad8 17. Bxd6 Rxe1+ 18. Rxe1 cxd6 19. Qxa7 h6 20. Qxb7 Qd2 21. Qe7 Rc8 22. Qe2 Rxc2 23. Qxd2 Rxd2 24. Rb1 Kf8 25. Kf1 Ke7 26. a4 Kd7 27. h4 Rd4 28. g3 Rxa4 29. Ke2 f5 30. Ke3 Rb4 31. Ra1 Ke6 32. Ra7 f4+ 33. Kf3 fxg3 34. fxg3 Rb3+ 35. Kg4 g6 36. Rg7 h5+ 37. Kf4 Kf6 38. Rd7 Rb4+ 39. Kf3 Ke5 40. Re7+ Kd5 41. Rg7 Rg4 42. b4 Kc6 43. Rg8 d5 44. Rc8+ Kb5 45. Rc5+ Kxb4 46. Rxd5 Rc4 47. Rd6 Rg4 48. Rd5 Kc4 49. Rg5 Rxg5 50. hxg5 Kd4 51. Kf4 Kd5 52. g4 h4 53. Kf3 Ke5 54. Kg2 Kf4 55. Kh3 Kxg5 56. Kg2 Kxg4 57. Kh2 h3 58. Kg1 Kg3 59. Kh1 g5 60. Kg1 g4 61. Kh1 Kf2 0-1

[Event "Malaga Region-ch"]
[Site "Malaga"]
[Date "2013.01.26"]
[Round "6"]
[White "Toval Lopez, Alberto"]
[Black "Vazquez Diez, Federico"]
[Result "0-1"]
[WhiteElo "1424"]
[BlackElo "1669"]
[PlyCount "142"]
[EventDate "2013.01.12"]
[EventType "swiss"]
[EventRounds "9"]
[EventCountry "ESP"]
[SourceTitle "CBM 152 Extra"]
[Source "ChessBase"]
[SourceDate "2013.02.25"]
[SourceVersion "1"]
[SourceVersionDate "2013.02.25"]
[SourceQuality "1"]

1. e4 c5 2. Nf3 e6 3. d4 Nf6 4. Nc3 a6 5. e5 Ng8 6. Ne4 d5 7. exd6 Bxd6 8. Nxd6+ Qxd6 9. c3 Nf6 10. Bd3 Nc6 11. 0-0 cxd4 12. Nxd4 Bd7 13. Nxc6 Bxc6 14. Bc2 Qe7 15. Bf4 Rd8 16. Qe2 0-0 17. Rad1 h6 18. Rxd8 Rxd8 19. Rd1 Rxd1+ 20. Qxd1 Qd7 21. Qxd7 Nxd7 22. f3 e5 23. Be3 Kf8 24. Kf2 g5 25. Ke2 Ke7 26. Kd3 f5 27. h4 Kf6 28. Ke2 Nf8 29. b4 Ng6 30. hxg5+ hxg5 31. g3 Bd5 32. a4 Ne7 33. f4 gxf4 34. gxf4 e4 35. Bd4+ Ke6 36. Ke3 Bc4 37. Be5 Kd5 38. Bd1 Bd3 39. Bb3+ Bc4 40. Bd1 Ng6 41. Bd4 Ke6 42. b5 axb5 43. axb5 Bxb5 44. Bb3+ Kd7 45. Bg8 Ne7 46. Bh7 Ke6 47. Kd2 Bc6 48. Ke2 Bd7 49. Kd2 Kf7 50. c4 Nc6 51. Bc3 Be6 52. Ke3 Nb8 53. c5 Nd7 54. Bb4 Nf6 55. Bxf5 Bxf5 56. Bd2 Ke6 57. Kd4 Nd7 58. Kc4 Nb8 59. Kb5 Kd7 60. Kb6 Kc8 61. Be3 Bd7 62. Bd2 Bc6 63. Be3 Nd7+ 64. Ka5 Nf6 65. Bc1 Kd7 66. Kb4 Ke6 67. Kc4 Kf5 68. Kd4 Nd5 69. Kc4 Nxf4 70. Kb3 Nd3 71. Kc4 Nxc1 0-1

[Event "Andalucia-ch U12"]
[Site "Islantilla"]
[Date "2012.04.13"]
[Round "2"]
[White "Martin Cabrerizo, Francisco Davi"]
[Black "Toval Lopez, Alberto"]
[Result "1-0"]
[WhiteElo "1503"]
[BlackElo "1259"]
[PlyCount "95"]
[EventDate "2012.04.13"]
[EventType "swiss"]
[EventRounds "9"]
[EventCountry "ESP"]
[SourceTitle "CBM 148 Extra"]
[Source "ChessBase"]
[SourceDate "2012.06.22"]
[SourceVersion "1"]
[SourceVersionDate "2012.06.22"]
[SourceQuality "1"]

1. e4 c5 2. Nf3 d6 3. d4 cxd4 4. Nxd4 g6 5. Nc3 Bg7 6. Be3 Nf6 7. f3 Qc7 8. Qd2 Nc6 9. Bb5 a6 10. Bc4 Nxd4 11. Qxd4 e5 12. Qd3 b5 13. Bb3 0-0 14. 0-0 Bb7 15. Qd2 Rac8 16. a3 Rfd8 17. Rfd1 Qd7 18. Bb6 Re8 19. Kh1 h5 20. Qf2 Bc6 21. Be3 Kh7 22. Rac1 Bh6 23. Nd5 Nxd5 24. Bxd5 Rc7 25. Bxh6 Kxh6 26. Qb6 Bxd5 27. Rxd5 Qc6 28. Rxd6 Qxb6 29. Rxb6 Rec8 30. c3 Rc6 31. Rxc6 Rxc6 32. Rd1 Kg5 33. Rd5 Kf4 34. Kg1 Ke3 35. Kf1 f5 36. exf5 gxf5 37. Rxe5+ Kf4 38. Rd5 Re6 39. Kf2 h4 40. g3+ hxg3+ 41. hxg3+ Kg5 42. g4 Rf6 43. Rxf5+ Rxf5 44. gxf5 Kxf5 45. Ke3 Ke5 46. Kd3 Kf4 47. Kd4 Kxf3 48. Kc5 1-0